Telas y tejidos (Registro nro. 324717)

Detalles MARC
000 -ENCABEZADO
Número de control [NR] 00746nam a22002057a 4500
005 - FECHA Y HORA DE LA ÚLTIMA TRANSACCIÓN
control field 20240912102817.0
008 - DE LONGITUD FIJA DE DATOS DE ELEMENTOS - INFORMACIÓN GENERAL
Elementos de longitud fija [NR] 240912t ||||| |||| 00| 0 spa d
020 ## - NUMERO INTERNACIONAL NORMALIZADO PARA LIBROS [R]
Número Internacional Normalizado del libro [NR] 979886570108
040 ## - FUENTE DE CATALOGACION [NR]
Agencia de catalogación original [NR] CO-BoUCM
Quien Cataloga David Moreno
Quien Clasifica David Moreno
041 ## - CODIGO DE IDIOMA [R]
Código de idioma para texto/pista de sonido o título separado [R] Español
245 10 - MENCION DE TITULO [NR]
Título [NR] Telas y tejidos
Parte restante del título [NR] Guía práctica para expertos y aficionados
Mención de responsabilidad, etc. [NR] Dima Studio
260 ## - PUBLICACION, DISTRIBUCION, ETC. (PIE DE IMPRENTA) [R]
Lugar de publicación, distribución, etc. [R] Copell, Texas
Nombre del editor, distribuidor, etc. [R] Dima Studio
Fecha de publicación, distribución, etc. [R] 2023
300 ## - DESCRIPCION FISICA [R]
Extensión [R] 197 Paginas
Otros detalles físicos [NR] ilustraciones a color
650 14 - ASIENTO SECUNDARIO DE MATERIA - TERMINO TEMATICO [R]
Término temático o nombre geográfico como elemento de entrada [NR] Tejidos
Subdivisión general [R] Guía práctica
9 (RLIN) 182713
650 14 - ASIENTO SECUNDARIO DE MATERIA - TERMINO TEMATICO [R]
Término temático o nombre geográfico como elemento de entrada [NR] Técnicas de tejido
Subdivisión general [R] Manualidades
9 (RLIN) 182714
650 14 - ASIENTO SECUNDARIO DE MATERIA - TERMINO TEMATICO [R]
Término temático o nombre geográfico como elemento de entrada [NR] Materiales de tejido
Subdivisión general [R] Patrones de tejido
9 (RLIN) 182715
710 1# - ASIENTO SECUNDARIO - NOMBRE CORPORATIVO [R]
Nombre corporativo o de jurisdicción como elemento de entrada [NR] Dima Studio
9 (RLIN) 182716
942 ## - ELEMENTOS DE ENTRADA AGREGADOS (KOHA)
Sistema de clasificación DEWEY
Tema principal Arte
Tipo de ítem principal el descrito en 300a Libro
Edición 1
Clasificación 746.92
Parte restante de la signatura top. D582t
Título oculto en OPAC No
Existencias
Fecha de último préstamo Total préstamos Total Renewals Signatura topográfica Código de barras Última vez visto Ejemplar Price effective from Tipo de ítem Perdido Sistema de clasificación Dañado No prestable Tipo de ítem específico Suprimido Ubicación habitual Ubicación actual Localización Fecha de creación Forma de adquisición Costo
16/03/2026 3 2 746.92 D582t 100173117 07/04/2026 Ej.1 12/09/2024 Libro   DEWEY     Libro   Claustro Claustro 2do piso 12/09/2024 Compra 127556.00